000 00960nam a2200289 a 4500
001 BRCA_7936
005 20190320210047.0
008 070314s1969----gt-a###f##---#001-0#spa-#
041 _aspa
044 _agt
050 4 _aNA776
_b.L83
_c1969
100 1 _aLuján Muñoz, Luis
_91328
245 1 0 _aLa Plaza Mayor de Santiago de Guatemala hacia 1678
_cLuis Luján Muñoz ; viñetas de Irma de Luján y Haroldo Robles.
260 _aGuatemala
_bInstituto de Antropología e Historia
_c1969
300 _a57 p.
_bil., 11 láminas
_c22 cm.
500 _a3021
500 _aPublicación especial No. 3
500 _aDedicatoria del autor al señor Franz Mayer
504 _aBibliografía p.57
650 1 4 _aArquitectura colonial
_zGuatemala
_919646
650 1 4 _aArte colonial
_zGuatemala
_919647
650 1 4 _aArte decorativo
_zGuatemala
_919648
700 1 _aLuján, Irma de
_919649
700 1 _aRobles, Haroldo
_919650
902 _aGFM
942 _2lcc
_cB
999 _c7606
_d7606